000 00267nmm a2200085Ia 4500
008 220120s9999||||xx |||||||||||||||||und||
100 _aOpen source for you
245 0 _aFedora 22 64 bit live workstation, soas, sabayon 15.06 KDE 6
260 _aCyber media Pvt. Ltd.
_c2015
999 _c139977
_d139977